A history of modern Mexico / (Record no. 15848)
[ view plain ]
| 000 -LEADER | |
|---|---|
| fixed length control field | 00778cam a22002291a 4500 |
| 001 - CONTROL NUMBER | |
| control field | ca 24000719 |
| 003 - CONTROL NUMBER IDENTIFIER | |
| control field | DLC |
| 005 - DATE AND TIME OF LATEST TRANSACTION | |
| control field | 20260227111113.0 |
| 008 - FIXED-LENGTH DATA ELEMENTS--GENERAL INFORMATION | |
| fixed length control field | 840306s1924 ksu 000 0 eng |
| 010 ## - LIBRARY OF CONGRESS CONTROL NUMBER | |
| LC control number | ca 24000719 |
| 035 ## - SYSTEM CONTROL NUMBER | |
| System control number | (OCoLC)10491542 |
| 040 ## - CATALOGING SOURCE | |
| Original cataloging agency | DLC |
| Transcribing agency | KPT |
| Modifying agency | DLC |
| 042 ## - AUTHENTICATION CODE | |
| Authentication code | premarc |
| 050 00 - LIBRARY OF CONGRESS CALL NUMBER | |
| Classification number | F1234 |
| Item number | .P23 |
| 100 1# - MAIN ENTRY--PERSONAL NAME | |
| Personal name | Parker, Kermet E. |
| 245 12 - TITLE STATEMENT | |
| Title | A history of modern Mexico / |
| Statement of responsibility, etc. | Kermet E. Parker. |
| 260 ## - PUBLICATION, DISTRIBUTION, ETC. | |
| Place of publication, distribution, etc. | Girard, Kan. : |
| Name of publisher, distributor, etc. | Haldeman-Julius Co., |
| Date of publication, distribution, etc. | c1924. |
| 300 ## - PHYSICAL DESCRIPTION | |
| Extent | 64 p. ; |
| Dimensions | 13 cm. |
| 440 #0 - SERIES STATEMENT/ADDED ENTRY--TITLE | |
| Title | Little blue book ; |
| Volume/sequential designation | no. 596 |
| 500 ## - GENERAL NOTE | |
| General note | Published 18 April 1924; copies deposited at Library of Congress 25 April 1924; copyright renewed 15 February 1952. Advertised 19 April 1924, Haldeman-Julius Weekly, p. 1. |
| 651 #0 - SUBJECT ADDED ENTRY--GEOGRAPHIC NAME | |
| Geographic name | Mexico |
| General subdivision | History. |
No items available.